[Event "Taastrup Quick Weekend 4th C"]
[Site "Taastrup"]
[Date "2006.10.28"]
[Round "3"]
[White "Rasmussen, Emil Wulff"]
[Black "Zmylon, Frederik Nielsen"]
[Result "1-0"]
[WhiteElo "1001"]
[BlackElo "1036"]
[PlyCount "95"]
[EventDate "2006.10.27"]
[EventType "swiss"]
[EventRounds "5"]
[EventCountry "DEN"]
[SourceTitle "EXT 2023"]
[Source "ChessBase"]
[SourceDate "2022.10.05"]
[SourceVersion "1"]
[SourceVersionDate "2022.10.05"]
[SourceQuality "1"]

1. e4 c5 2. Nf3 Nc6 3. d4 cxd4 4. Nxd4 e5 5. Nb5 d6 6. N1c3 a6 7. Na3 Be6 8. Bc4 b5 9. Bd5 Nge7 10. Bxc6+ Nxc6 11. Nd5 g6 12. 0-0 Bg7 13. Bg5 f6 14. Be3 0-0 15. c4 bxc4 16. Nxc4 Bxd5 17. Qxd5+ Rf7 18. Qxc6 Rc7 19. Qd5+ Kh8 20. Bb6 Rc5 21. Bxc5 dxc5 22. Qxd8+ Rxd8 23. Rfd1 Rb8 24. b3 f5 25. f3 Kg8 26. Rd5 fxe4 27. fxe4 Rc8 28. Rad1 Bf6 29. Nxe5 Re8 30. Nd7 Be7 31. Re5 Bd8 32. Rxe8+ Kg7 33. Rxd8 Kh6 34. Nxc5 a5 35. R8d7 Kh5 36. Rxh7+ Kg4 37. Rh4+ Kxh4 38. Nb7 g5 39. Rd3 g4 40. Nxa5 g3 41. Rxg3 Kh5 42. Kf2 Kh6 43. Kf3 Kh7 44. Kf4 Kh8 45. Kf5 Kh7 46. Kf6 Kh8 47. Kf7 Kh7 48. Rh3# 1-0

[Event "Taastrup Spil Naar Du Vil 1st"]
[Site "Taastrup"]
[Date "2006.06.08"]
[Round "9"]
[White "Rasmussen, Emil Wulff"]
[Black "Jensen, Henrik"]
[Result "0-1"]
[WhiteElo "1147"]
[BlackElo "1260"]
[PlyCount "78"]
[EventDate "2006.03.30"]
[EventType "swiss"]
[EventRounds "9"]
[EventCountry "DEN"]
[SourceTitle "EXT 2023"]
[Source "ChessBase"]
[SourceDate "2022.10.05"]
[SourceVersion "1"]
[SourceVersionDate "2022.10.05"]
[SourceQuality "1"]

1. e4 e5 2. Nf3 Nc6 3. d4 exd4 4. Nxd4 Nxd4 5. Qxd4 c5 6. Qe3 b6 7. Nc3 Be7 8. Qg3 g6 9. Bc4 Bb7 10. 0-0 Nf6 11. Bh6 Nxe4 12. Nxe4 Bxe4 13. Qf4 d5 14. Bb5+ Qd7 15. Bxd7+ Kxd7 16. Rfe1 f5 17. Qe5 Rae8 18. f3 c4 19. fxe4 Bc5+ 20. Kh1 Rxe5 21. Bg7 Rhe8 22. Bxe5 Rxe5 23. exd5 Rxd5 24. Rad1 Rxd1 25. Rxd1+ Ke7 26. g3 h5 27. Kg2 a5 28. Rf1 Kf6 29. Rf3 Bb4 30. Rf4 b5 31. Rd4 c3 32. bxc3 Bxc3 33. Rd5 b4 34. Rxa5 b3 35. axb3 Bxa5 36. Kf3 g5 37. c4 Bb4 38. Kf2 Ke5 39. Ke3 h4 0-1

[Event "Taastrup Quick Weekend 3rd C"]
[Site "Taastrup"]
[Date "2006.04.02"]
[Round "3"]
[White "Hein, Jacob"]
[Black "Rasmussen, Emil Wulff"]
[Result "1-0"]
[WhiteElo "1382"]
[BlackElo "1156"]
[PlyCount "33"]
[EventDate "2006.04.02"]
[EventType "tourn"]
[EventRounds "5"]
[EventCountry "DEN"]
[SourceTitle "EXT 2023"]
[Source "ChessBase"]
[SourceDate "2022.10.05"]
[SourceVersion "1"]
[SourceVersionDate "2022.10.05"]
[SourceQuality "1"]

1. Nf3 Nc6 2. c4 e5 3. e4 Nf6 4. Nc3 Bb4 5. Bd3 d6 6. h3 Qe7 7. Nd5 Nxd5 8. cxd5 Nb8 9. Qa4+ Bd7 10. Qxb4 b6 11. 0-0 0-0 12. Bb5 Na6 13. Bxa6 c5 14. dxc6 Bxc6 15. d4 Bxe4 16. dxe5 Qxe5 17. Nxe5 1-0

[Event "Taastrup Quick Weekend 2nd D"]
[Site "Taastrup"]
[Date "2005.11.13"]
[Round "5"]
[White "Meldal, Peter"]
[Black "Rasmussen, Emil Wulff"]
[Result "1-0"]
[WhiteElo "1205"]
[BlackElo "1025"]
[PlyCount "61"]
[EventDate "2005.11.11"]
[EventType "tourn"]
[EventRounds "5"]
[EventCountry "DEN"]
[SourceTitle "EXT 2023"]
[Source "ChessBase"]
[SourceDate "2022.10.05"]
[SourceVersion "1"]
[SourceVersionDate "2022.10.05"]
[SourceQuality "1"]

1. e4 e5 2. Nf3 Nc6 3. Bb5 d6 4. h3 Nf6 5. Nc3 Bd7 6. 0-0 g6 7. d3 Bg7 8. Bg5 0-0 9. Re1 Re8 10. Nd5 a6 11. Ba4 b5 12. Bb3 Nd4 13. Nxd4 exd4 14. Qf3 Re5 15. Bxf6 Bxf6 16. Nxf6+ Kg7 17. Nxd7 Qxd7 18. Qe2 Rg5 19. f4 Rg3 20. Kh2 Re3 21. Qf2 Rxe1 22. Qxd4+ f6 23. Rxe1 a5 24. a4 c5 25. Qd5 Rf8 26. axb5 Qxb5 27. Qc4 Qxc4 28. Bxc4 Rb8 29. b3 Rb4 30. Ra1 Rb7 31. Rxa5 1-0

[Event "Taastrup Quick Weekend 2nd D"]
[Site "Taastrup"]
[Date "2005.11.13"]
[Round "4"]
[White "Rasmussen, Emil Wulff"]
[Black "Ryberg, Denis"]
[Result "1-0"]
[WhiteElo "1025"]
[BlackElo "1131"]
[PlyCount "45"]
[EventDate "2005.11.11"]
[EventType "tourn"]
[EventRounds "5"]
[EventCountry "DEN"]
[SourceTitle "EXT 2023"]
[Source "ChessBase"]
[SourceDate "2022.10.05"]
[SourceVersion "1"]
[SourceVersionDate "2022.10.05"]
[SourceQuality "1"]

1. e4 c5 2. Nf3 Nc6 3. d4 cxd4 4. Nxd4 Nf6 5. Nc3 e5 6. Nxc6 bxc6 7. f4 Bb4 8. Bd3 Qa5 9. 0-0 Bxc3 10. bxc3 Qxc3 11. Bd2 Qd4+ 12. Kh1 d6 13. fxe5 Bg4 14. Qe1 dxe5 15. Qg3 0-0 16. Rxf6 Qxa1+ 17. Rf1 Qd4 18. Qxg4 Rfe8 19. Bh6 g6 20. Qf3 Re7 21. Qf6 Qg1+ 22. Rxg1 Rf8 23. Qg7# 1-0

[Event "Taastrup Quick Weekend 2nd D"]
[Site "Taastrup"]
[Date "2005.11.12"]
[Round "3"]
[White "Rasmussen, Emil Wulff"]
[Black "Zmylon, Frederik Nielsen"]
[Result "0-1"]
[WhiteElo "1025"]
[BlackElo "1047"]
[PlyCount "52"]
[EventDate "2005.11.11"]
[EventType "tourn"]
[EventRounds "5"]
[EventCountry "DEN"]
[SourceTitle "EXT 2023"]
[Source "ChessBase"]
[SourceDate "2022.10.05"]
[SourceVersion "1"]
[SourceVersionDate "2022.10.05"]
[SourceQuality "1"]

1. e4 e5 2. Nf3 Nf6 3. Nxe5 Nxe4 4. Qe2 f6 5. Qxe4 fxe5 6. Qxe5+ Be7 7. Qxg7 Bf6 8. Qh6 Qe7+ 9. Qe3 Qxe3+ 10. dxe3 Nc6 11. Nc3 Bxc3+ 12. bxc3 b6 13. Bb2 Bb7 14. c4 Nb4 15. Bxh8 Nxc2+ 16. Kd2 Nxa1 17. Bxa1 0-0-0 18. f3 d5 19. Ke2 Ba6 20. Kf2 dxc4 21. Be2 Rd2 22. Rd1 Rxa2 23. f4 c3 24. Bxc3 Rxe2+ 25. Kg3 Rxe3+ 26. Kg4 Be2+ 0-1

[Event "Taastrup Quick Weekend 1st C"]
[Site "Taastrup"]
[Date "2005.04.10"]
[Round "4"]
[White "Meldal, Peter"]
[Black "Rasmussen, Emil Wulff"]
[Result "1/2-1/2"]
[WhiteElo "1262"]
[BlackElo "1000"]
[PlyCount "51"]
[EventDate "2005.04.08"]
[EventType "swiss"]
[EventRounds "5"]
[EventCountry "DEN"]
[SourceTitle "EXT 2023"]
[Source "ChessBase"]
[SourceDate "2022.10.05"]
[SourceVersion "1"]
[SourceVersionDate "2022.10.05"]
[SourceQuality "1"]

1. e4 e5 2. f4 d6 3. Nf3 Nd7 4. Bc4 Ngf6 5. Nc3 Be7 6. 0-0 0-0 7. fxe5 dxe5 8. d3 c5 9. Bg5 a6 10. Bxf6 Bxf6 11. Nd5 Be7 12. Qd2 Bd6 13. Ne3 Nf6 14. a3 b5 15. Ba2 Ng4 16. Bd5 Rb8 17. Nxg4 Bxg4 18. Ng5 Bh5 19. Rf2 Be7 20. h4 Bxg5 21. Qxg5 Qxg5 22. hxg5 Rbc8 23. Rf5 Rce8 24. Raf1 Re7 25. g4 Bg6 26. R5f2 1/2-1/2